000
00283nam a22001337a 4500
008
170801b xxu||||| |||| 00| 0 eng d
020
_a
9780071604109
041
_a
eng
080
_a
004
100
_a
32
101
_a
SHKI
245
_a
ASP.NET 4.0
_c
KANJILAL, J
942
_2
udc
_c
BK
999
_c
22462
_d
22462